Score 0/74 Timer 05:00
5 Plays Today
% Correct
Italy
97.7%
Italy
97.7%
Italy
97.7%
France
96%
France
96%
France
96%
North Korea
94.2%
Portugal
92.6%
Iraq
89.8%
Iraq
89.8%
Austria
89.4%
Austria
89.4%
Austria
89.4%
Germany
88.9%
Yemen
88.3%
Norway
87.7%
Finland
87%
Oman
86.6%
Jordan
85.2%
Jordan
85.2%
Czechia
85.2%
Egypt
85.1%
United Arab Emirates
85%
Ethiopia
84.8%
Ethiopia
84.8%
Ethiopia
84.8%
Croatia
84.3%
Croatia
84.3%
Andorra
84.2%
Hungary
83.3%
Hungary
83.3%
Hungary
83.3%
Lesotho
83.3%
Sudan
83.2%
Israel
83%
Kenya
80.7%
Kenya
80.7%
% Correct
Kuwait
79.2%
South Sudan
79.1%
eSwatini
79.1%
Qatar
77.5%
Brazil
76.7%
Chad
76.6%
Bosnia-Herzegovina
75.6%
Zimbabwe
75.5%
Poland
75%
Guyana
74.7%
Mozambique
74.3%
Montenegro
74.2%
Namibia
73.7%
Kosovo
73.2%
Romania
73%
Botswana
72.5%
Eritrea
72.5%
Morocco
72.4%
Mali
71.5%
Turkey
71.5%
Lebanon
71.1%
Djibouti
70.9%
North Macedonia
70.4%
Bulgaria
69.5%
Liberia
67.1%
Cen. Afr. Rep.
66.6%
Cen. Afr. Rep.
66.6%
Guinea
66.4%
Guinea
66.4%
Liechtenstein
66.2%
The Gambia
65.3%
Libya
65.2%
Dem. Rep. Congo
64.3%
Mauritania
61.2%
Uganda
59.2%
Ukraine
58.8%
Guinea-Bissau
58.5%
Remove Ads.
Support Sporcle.
Get the best of Sporcle when you Go Orange. This ad-free experience offers more features, more stats, and more fun while also helping to support Sporcle. Thank you for becoming a member.

You're not logged in!

Compare scores with friends on all Sporcle quizzes.
OR
Log In

Sporcle TV

Today on Sporcle TV


Watch our educational content, quiz creation guides, and fun videos on Sporcle TV.

Show Comments

Extras

Top Quizzes Today


Score Distribution

Paid Content

Your Account Isn't Verified!

In order to create a playlist on Sporcle, you need to verify the email address you used during registration. Go to your Sporcle Settings to finish the process.

Report this User

Report this user for behavior that violates our Community Guidelines.

Details: